Global finance and the macroeconomy
This text provides new ways of analyzing the key issues in international finance and open economy macroeconomics. The topics covered include: financial globalization and the evolution of the international financial system; international macroeconomic accounting and measurement; early balance of paym...
Na minha lista:
| Autor principal: | |
|---|---|
| Formato: | Livro |
| Idioma: | Undetermined |
| Publicado em: |
New York
Palgrave Macmillan
2003
|
| Assuntos: | |
| Tags: |
Adicionar Tag
Sem tags, seja o primeiro a adicionar uma tag!
|
| Thư viện lưu trữ: | Trung tâm Học liệu Trường Đại học Cần Thơ |
|---|
| LEADER | 01172nam a2200205Ia 4500 | ||
|---|---|---|---|
| 001 | CTU_116448 | ||
| 008 | 210402s9999 xx 000 0 und d | ||
| 020 | |c 421000 | ||
| 082 | |a 332.042 | ||
| 082 | |b M235 | ||
| 100 | |a Makin, A. J. | ||
| 245 | 0 | |a Global finance and the macroeconomy | |
| 245 | 0 | |c A. J. Makin | |
| 260 | |a New York | ||
| 260 | |b Palgrave Macmillan | ||
| 260 | |c 2003 | ||
| 520 | |a This text provides new ways of analyzing the key issues in international finance and open economy macroeconomics. The topics covered include: financial globalization and the evolution of the international financial system; international macroeconomic accounting and measurement; early balance of payments approaches; the intertemporal model of international borrowing and lending; the significance of external deficits; the determinants of interest rate differentials and exchange rates; the effectiveness of monetary and fiscal policies; capital mobility and economic growth; and the causes of financial crisis in emerging economies. | ||
| 650 | |a International finance,Macroeconomics | ||
| 904 | |i Hiếu | ||
| 980 | |a Trung tâm Học liệu Trường Đại học Cần Thơ | ||